BLACKPINK Born Pink Album Songs - Statistics

General Stats
  • This quiz has been taken 129 times
  • The average score is 6 of 8
Answer Stats
Song % Correct
Pink Venom
96%
Shut Down
91%
Tally
75%
The Happiest Girl
72%
Typa Girl
71%
Hard To Love
68%
Yeah Yeah Yeah
64%
Ready For Love
51%
No matching quizzes found
Score Distribution
Percent of People with Each Score
Percentile by Number Answered
Your Score History
You have not taken this quiz